000 00252nam a2200109Ia 4500
005 20251222143213.0
008 251222s9999||||xx |||||||||||||| ||spa||
082 _a658.022/H12
245 0 _aHacia una Actitud Empresarial
264 _bCASI
942 _cLIB
999 _c13527
_d13527